00338nam a22000977a 4500008004100000050002100041100001800062245009200080260004400172300002400216160709b xxu||||| |||| 00| 0 eng d aHD6273 .S55 2008 aSilsil Peter  aReport of the task force on affordable secondary education /c[Edited by] Peter Silsil  aNairobi :bShrend Publishers Ltd,c2008 a123p. :bill;c21cm